L'Ouest américain / (Record no. 14122)

MARC details
000 -LEADER
campo de control de longitud fija 00734nam a2200229 i 4500
001 - NÚMERO DE CONTROL
campo de control 14122
003 - IDENTIFICADOR DE NÚMERO DE CONTROL
campo de control ES-MaACL
005 - FECHA Y HORA DE LA ÚLTIMA TRANSACCIÓN
campo de control 20250831021836.0
007 - CAMPO FIJO DE DESCRIPCIÓN FÍSICA--INFORMACIÓN GENERAL
campo de control de longitud fija t|
008 - DATOS DE LONGITUD FIJA--INFORMACIÓN GENERAL
campo de control de longitud fija 981006s1964 fr ao |||| | fre d
080 ## - NÚMERO DE LA CLASIFICACIÓN DECIMAL UNIVERSAL
Número de la Clasificación Decimal Universal 917.3-15
100 1# - ENTRADA PRINCIPAL--NOMBRE DE PERSONA
Nombre de persona Berrier, Jean-Claude.
9 (RLIN) 159911
245 12 - MENCIÓN DEL TÍTULO
Título L'Ouest américain /
Mención de responsabilidad, etc. texte et photographies par J.C. Berrier ; assistant photographe Philippe Tremblay.
260 ## - PUBLICACIÓN, DISTRIBUCIÓN, ETC.
Lugar de publicación, distribución, etc. Paris :
Nombre del editor, distribuidor, etc. Fernand Nathan,
Fecha de publicación, distribución, etc. 1964.
300 ## - DESCRIPCIÓN FÍSICA
Extensión 159 p. :
Otras características físicas il. ;
Dimensiones 22 cm.
490 1# - MENCIÓN DE SERIE
Mención de serie Pays et cités d'art
651 #7 - PUNTO DE ACCESO ADICIONAL DE MATERIA--NOMBRE GEOGRÁFICO
Nombre geográfico Oeste (Estados Unidos)-
Subdivisión general Descripción
Fuente del encabezamiento o término
9 (RLIN) 159912
700 1# - ENTRADA AGREGADA--NOMBRE PERSONAL
Nombre de persona Tremblay, Philippe.
9 (RLIN) 111302
830 0# - PUNTO DE ACCESO ADICIONAL DE SERIE-TÍTULO UNIFORME
Título uniforme Pays et cités d'art
9 (RLIN) 228489
852 ## - LOCALIZACIÓN
Ubicación ES-MaACL
Número de control de estantería L-21380
Holdings
Estatus retirado Estado de pérdida Estado de daño No para préstamo Biblioteca de origen Biblioteca actual Ubicación en estantería Fecha de adquisición Fuente de adquisición Total de préstamos Signatura topográfica completa Código de barras Visto por última vez Precio de reemplazo Tipo de ítem Koha
        Biblioteca del Ateneo de Madrid Biblioteca del Ateneo de Madrid Depósito 2 17/01/2008     L-21380 1014367 23/02/2023 23/02/2023 Libro impreso